| 000 | 02442nam a22002897a 4500 | ||
|---|---|---|---|
| 999 |
_c62193 _d62193 |
||
| 003 | Ge_BSU | ||
| 005 | 20240731153333.0 | ||
| 008 | 240731s2020 ge ||||| |||| 00| 0 geo d | ||
| 020 | _a9789941491115 (ტომი 2) 9789941139178 (მრავალტომეული) | ||
| 041 | _ageo | ||
| 080 | _a811.352.2'282 ლ-81 | ||
| 100 |
_aლომთათიძე, ქეთევან.1911-2007, _e ავტორი. _923022 |
||
| 245 |
_aშრომები = Works = Труды _b [ტომი] 2, აშხარული დიალექტი და მისი ადგილი სხვა აფხაზურ-აბაზურ დიალექტთა შორის (ტექსტებითურთ) / _cქეთევან ლომთათიძე ; სარედაქციო კოლეგია: მ. ბუკია, თ. გვანცელაძე, ნ. ფონიავა [და სხვა] ; ტომის რედაქტორი თ. გვანცელაძე ; |
||
| 264 |
_aთბილისი: _bთსუ, _c2020. |
||
| 300 |
_a388 გვ. : _b პორტრ. ; _c25,5 სმ. |
||
| 504 | _aბიბლიოგრაფია ტექსტის შენიშვნებში. | ||
| 653 | _aაფხაზური ენის დიალექტები. | ||
| 653 | _aაშხარული დიალექტი და მისი ადგილი სხვა აფხაზურ-აბაზურ დიალექტთა შორის (ტექსტებითურთ) | ||
| 700 |
_aბუკია, მ _e სარედაქციო კოლეგია _923018 |
||
| 700 |
_aგვანცელაძე, თ. _e სარედაქციო კოლეგია _923019 |
||
| 700 |
_aფონიავა, ნ _e სარედაქციო კოლეგია და სხვ. _923023 |
||
| 710 |
_aთსუ არნ. ჩიქობავას სახ. ენათმეცნიერების ინსტიტუტი, _913721 |
||
| 710 |
_aIvane Javakhishvili Tbilisi State University. Arnold Chikobava Institute of Linguistics. _923024 |
||
| 710 |
_aТбилисский гос ун-т им. Иванэ Джавахишвили. Ин-т языкознания им. Арнольда Чикобава. _923021 |
||
| 773 | _tნაჩუქარი | ||
| 942 |
_2udc _cBK |
||